Adivasi art and activism: Curation in a nationalist age (Record no. 1309269)

MARC details
000 -LEADER
fixed length control field 01260nam a2200217 4500
005 - DATE AND TIME OF LATEST TRANSACTION
control field 20250422094837.0
008 - FIXED-LENGTH DATA ELEMENTS--GENERAL INFORMATION
fixed length control field 250422b |||||||| |||| 00| 0 eng d
020 ## - INTERNATIONAL STANDARD BOOK NUMBER
International Standard Book Number 9788178246864
037 ## - SOURCE OF ACQUISITION
Terms of availability Textual
040 ## - CATALOGING SOURCE
Original cataloging agency RTL
Transcribing agency RTL
084 ## - COLON CLASSIFICATION NUMBER
Classification number Y5926(NA,6).2 R2
Assigning agency RTL
100 ## - MAIN ENTRY--PERSONAL NAME
Personal name Tilche, Alice
9 (RLIN) 752681
245 ## - TITLE STATEMENT
Title Adivasi art and activism: Curation in a nationalist age
260 ## - PUBLICATION, DISTRIBUTION, ETC.
Place of publication, distribution, etc. Ranikhet
Name of publisher, distributor, etc. Permanent Black
Date of publication, distribution, etc. 2022
300 ## - PHYSICAL DESCRIPTION
Extent ix, 244p p. : ill.
Other physical details Includes bibliographical references and index
520 ## - SUMMARY, ETC.
Summary, etc. As India consolidates an aggressive model of economic development, indigenous tribal people – the Adivasis – continue to be overrepresented among the country's poor. Adivasis make up more than eight hundred communities in India, with a total population of more than a hundred million people speaking more than three hundred different languages. Although their historical presence is acknowledged by the state and they are lauded as part of India's ethnic identity, their poverty has been compounded by the suppression of their cultural heritage and lifestyle.<br/><br/>
650 ## - SUBJECT ADDED ENTRY--TOPICAL TERM
Topical term or geographic name entry element Adivasi- India
9 (RLIN) 752682
650 ## - SUBJECT ADDED ENTRY--TOPICAL TERM
Topical term or geographic name entry element Tribal art
9 (RLIN) 752683
650 ## - SUBJECT ADDED ENTRY--TOPICAL TERM
Topical term or geographic name entry element Tribe- museums- India
9 (RLIN) 752684
942 ## - ADDED ENTRY ELEMENTS (KOHA)
Source of classification or shelving scheme Colon Classification (CC)
Suppress in OPAC No
Koha item type Textbook
Classification part Y5926(NA,6).2 R2

No items available.

Copyright @ Delhi University Library System